Statistics for NBA Players First Names

Click here to take the quiz!

General Stats

  • This quiz has been taken 879 times
  • The average score is 15 of 19

Answer Stats

Last NameFirst Name% Correct
DurantKevin
99%
NowitzkiDirk
98%
HardenJames
98%
WestbrookRussell
98%
WigginsAndrew
96%
OladipoVictor
96%
LillardDamian
95%
RondoRajon
95%
IbakaSerge
95%
GinobiliManu
94%
ArizaTrevor
86%
DengLuol
77%
HibbertRoy
77%
GortatMarcin
62%
HinrichKirk
60%
EvansTyreke
60%
MiroticNikola
59%
SplitterTiago
53%
AcyQuincy
47%

Score Distribution

Percentile by Number Answered

Percent of People with Each Score

Your Score History

You have not taken this quiz